[Event "Idaho Open"]
[Site "Boise, ID"]
[Date "2016.06.19"]
[Round "5.1"]
[White "Lucky, David"]
[Black "Morrow, Hans M"]
[Result "1-0"]
[WhiteElo "2384"]
[BlackElo "1927"]
[EventRounds "5"]
[EventCountry "USA"]

1. e4 c5 2. Nf3 d6 3. c3 Nf6 4. Be2 Nc6 5. d4 cxd4 6. cxd4 Nxe4 7. d5 Qa5+ 8.
Nc3 Nxc3 9. bxc3 Ne5 10. Nxe5 Qxc3+ 11. Bd2 Qxe5 12. O-O Qxd5 13. Rb1 a6 14.
Bf3 Qf5 15. Rxb7 Bxb7 16. Bxb7 Rb8 17. Qa4+ {#r} 1-0


[Site "Salt Lake City (UT)"]
[Round "2"]
[White "Morrow Hans M (UT)"]
[Black "Buckendorf Glen (ID)"]
[Result "0-1"]

1. d4 d5 2. c4 dxc4 3. Nc3 e5 4. d5 c6 5. e4 Nf6 6. Bxc4 Bb4 7. f3 O-O 8. Bg5
cxd5 9. Bxd5 Nbd7 10. Nge2 Qb6 11. Qd2 Nxd5 12. Qxd5 Bxc3+ 13. bxc3 Re8 14.
Qb3 Qg6 15. h4 Nc5 16. Qb5 Nd7 17. Kf2 Qb6+ 18. Qxb6 Nxb6 19. h5 f6 20. Be3
Nc4 21. h6 g5 22. Rhd1 Be6 23. Ng3 Nxe3 24. Kxe3 Rad8 25. a3 Kf7 26. Nf5 Bxf5
27. exf5 Ke7 28. Rd3 Rxd3+ 29. Kxd3 Rd8+ 30. Kc2 Rd5 31. a4 b6 32. Rb1 Kd6 33.
Rb4 Kc6 34. g3 a6 35. Re4 b5 36. axb5+ Rxb5 37. Rc4+ Rc5 38. Rxc5+ Kxc5 39.
Kb3 Kb5 40. g4 a5 41. c4+ Kc5 42. Ka4 Kxc4 43. Kxa5 Kd4 44. Kb5 Ke3 45. Kc5
Kxf3 46. Kd5 e4 47. Ke6 Kxg4 48. Kxf6 e3 49. Kg7 e2 50. f6 e1=Q 51. f7 Qe7 52.
Kg8 Kh5 53. f8=Q Qxf8+ 54. Kxf8 {#R} 0-1